|
|
|
|
| LEADER |
00000nam0a2200000 4500 |
| 001 |
100371 |
| 005 |
20231031112107.0 |
| 010 |
|
|
|a 5020337455
|
| 035 |
|
|
|a (RuTPU)RU\TPU\book\107977
|
| 090 |
|
|
|a 100371
|
| 100 |
|
|
|a 20060822d2006 km y0rusy50 ca
|
| 101 |
0 |
|
|a rus
|
| 102 |
|
|
|a RU
|
| 105 |
|
|
|a a z 001zy
|
| 200 |
1 |
|
|a Геохимия редкоземельных элементов в океане
|f А. В. Дубинин
|g Российская академия наук; Институт океанологии им. П. П. Ширшова РАН
|
| 210 |
|
|
|a Москва
|c Наука
|d 2006
|
| 215 |
|
|
|a 360 с.
|c ил.
|
| 320 |
|
|
|a Библиогр.: с. 339-360.
|
| 330 |
|
|
|a В работе рассмотрены современные представления о геохимии редкоземельных элементов (РЗЭ) в океане, включая химические свойства, которые определяют их миграционную способность в природных процессах, охарактеризованы источники РЗЭ в океане. Показано поведение РЗЭ в зоне смешения река-море, фракционирование состава растворенных и взвешенных РЗЭ в океанской воде в аэробных и анаэробных условиях. Рассмотрено распределение РЗЭ в терригенных, аутигенных, гидротермальных и биогенных составляющих осадков: глинах, костном детрите, барите, филлипсите, оксигидроксидах железа и марганца, гидроксофосфате железа-кальция, диатомеях и фораминиферах. Для геологов, геохимиков и океанологов.
|
| 610 |
1 |
|
|a океанология
|
| 610 |
1 |
|
|a океаны
|
| 610 |
1 |
|
|a редкоземельные элементы
|
| 610 |
1 |
|
|a химические свойства
|
| 610 |
1 |
|
|a океанская вода
|
| 610 |
1 |
|
|a донные отложения
|
| 610 |
1 |
|
|a нонтрониты
|
| 675 |
|
|
|a 551.35:550.4
|v 3
|
| 700 |
|
1 |
|a Дубинин
|b А. В.
|g Александр Владимирович
|
| 712 |
0 |
2 |
|a Российская академия наук (РАН)
|b Институт океанологии им. П. П. Ширшова (ИО)
|c (Москва)
|2 stltpush
|3 (RuTPU)RU\TPU\col\3562
|
| 801 |
|
1 |
|a RU
|b 63413507
|c 20060822
|g PSBO
|
| 801 |
|
2 |
|a RU
|b 63413507
|c 20150228
|g PSBO
|
| 942 |
|
|
|c BK
|